000 00617nam a22002057a 4500
005 20251108171936.0
008 250721s1991 xx 000 0 ara d
082 1 4 _a216.796/قزا
100 1 _aقزامل، سيف رجب
245 1 0 _aالعاقلة في الفقه الإسلامي :
_bدراسة مقارنة /
264 1 _aطنطا :
_bجامعة الأزهر،
_c1991.
300 _a231ص
650 1 7 _aالفقه الإسلامي
650 1 7 _aالأحكام الشرعية
650 1 7 _aالقانون
650 1 7 _aالقتل
650 1 7 _aالديانات
942 _2ddc
_cBK
999 _c66487
_d66487